000 00882cab a22002175a 4500
001 L148624
008 091013s2009 xxk f 000 0 eng d
035 _a(Sirsi) u148624
041 0 _aeng
100 1 _aBullock, H.J.W.
245 0 4 _aThe economic realities of taxing development
260 _c2009
490 _aJournal of Planning and Environment Law
_v(10) 2009, 1283-1292 (11)
520 _aAnalyses the economic realities of taxing development in the light of Government aspirations and the difficulties of delivery through the Community Infrastructure Levy and contributions made by using the Town and Country Planning Act 1990 S106.
590 _aKA
650 2 4 _aPLANNING ACT 2008
650 2 4 _aTOWN AND COUNTRY PLANNING ACT 1990 S106
651 4 _aEngland and Wales
_y1543-
690 _aENVIRONMENTAL AND LAND CONSULTANCY-PLANNING AND DEVELOPMENT
942 _n0
999 _c81913
_d81913